[Event "Saarland-ch A 85th"]
[Site "Homburg"]
[Date "2010.03.30"]
[Round "5"]
[White "Buech, Christoph"]
[Black "Spindler, Jean Luc"]
[Result "1/2-1/2"]
[WhiteElo "1702"]
[BlackElo "1586"]
[PlyCount "71"]
[EventDate "2010.03.28"]
[EventType "swiss"]
[EventRounds "9"]
[EventCountry "GER"]
[SourceTitle "EXT 2011"]
[Source "ChessBase"]
[SourceDate "2010.11.26"]
[SourceVersion "1"]
[SourceVersionDate "2010.11.26"]
[SourceQuality "1"]

1. Nf3 e6 2. d4 d5 3. b3 c5 4. e3 Nf6 5. Bb2 Nc6 6. Nbd2 Bd7 7. Be2 Rc8 8. 0-0 cxd4 9. Nxd4 Bd6 10. c4 0-0 11. Rc1 a6 12. f4 Re8 13. c5 Bb8 14. a3 e5 15. Nxc6 Bxc6 16. Bg4 Bd7 17. Bxd7 Qxd7 18. f5 Rc6 19. b4 d4 20. e4 Rec8 21. Qf3 b6 22. Nb3 bxc5 23. Nxc5 Qe8 24. g4 h6 25. h4 Nh7 26. Nd3 Rxc1 27. Rxc1 Rxc1+ 28. Bxc1 Qc6 29. g5 Kh8 30. gxh6 gxh6 31. Qh5 Kg7 32. Nc5 Ba7 33. Nd3 Bb6 34. Qg4+ Kh8 35. Qh5 Kg7 36. Qg4+ 1/2-1/2

[Event "Saarland-ch A 85th"]
[Site "Homburg"]
[Date "2010.03.28"]
[Round "1"]
[White "Spindler, Jean Luc"]
[Black "Pocivalnik, Axel"]
[Result "0-1"]
[WhiteElo "1586"]
[BlackElo "1687"]
[PlyCount "122"]
[EventDate "2010.03.28"]
[EventType "swiss"]
[EventRounds "9"]
[EventCountry "GER"]
[SourceTitle "EXT 2011"]
[Source "ChessBase"]
[SourceDate "2010.11.26"]
[SourceVersion "1"]
[SourceVersionDate "2010.11.26"]
[SourceQuality "1"]

1. e4 c5 2. Nf3 e6 3. d4 cxd4 4. Nxd4 a6 5. Nc3 d6 6. Be3 Nc6 7. Nf3 Nf6 8. Bd3 Be7 9. 0-0 0-0 10. a3 Ng4 11. Bd2 b5 12. h3 Nge5 13. Be2 Bb7 14. Nh2 Nd4 15. Bd3 Nc4 16. b3 Nxd2 17. Qxd2 h5 18. Ne2 Nxe2+ 19. Qxe2 Bf6 20. Rab1 g6 21. Nf3 Qa5 22. e5 Bxf3 23. Qxf3 Bxe5 24. g4 hxg4 25. hxg4 Qd2 26. Kg2 Kg7 27. Rh1 Rh8 28. Rbd1 Qf4 29. Qxf4 Bxf4 30. Kf3 Rxh1 31. Rxh1 Bd2 32. Rd1 Bc3 33. a4 b4 34. Bf1 d5 35. Be2 a5 36. Rh1 Rh8 37. Rxh8 Kxh8 38. Kf4 f6 39. f3 Bd2+ 40. Kg3 g5 41. Bd3 Kg7 42. Kf2 Kf7 43. Ke2 Bf4 44. Bh7 Ke7 45. Kd3 Kd6 46. Bg6 Ke5 47. Be8 Bc1 48. c3 bxc3 49. Kxc3 Ba3 50. Bf7 f5 51. Kd3 fxg4 52. fxg4 Kd6 53. Bg6 e5 54. Bf7 Kc5 55. Be6 e4+ 56. Ke2 Kd6 57. Bf7 Ke5 58. Be8 Kf4 59. Bd7 d4 60. Be6 d3+ 61. Kd1 e3 0-1

[Event "Saarland-ch A 85th"]
[Site "Homburg"]
[Date "2010.03.28"]
[Round "3"]
[White "Spindler, Jean Luc"]
[Black "Schnur, Bernd"]
[Result "1-0"]
[WhiteElo "1586"]
[BlackElo "1677"]
[PlyCount "101"]
[EventDate "2010.03.28"]
[EventType "swiss"]
[EventRounds "9"]
[EventCountry "GER"]
[SourceTitle "EXT 2011"]
[Source "ChessBase"]
[SourceDate "2010.11.26"]
[SourceVersion "1"]
[SourceVersionDate "2010.11.26"]
[SourceQuality "1"]

1. e4 c5 2. Nf3 d6 3. d4 cxd4 4. Nxd4 Nf6 5. Nc3 Nbd7 6. Bg5 h6 7. Bh4 a6 8. f4 e6 9. Bc4 Be7 10. Qf3 d5 11. exd5 Nxd5 12. Bxe7 Nxe7 13. 0-0-0 Qb6 14. g4 Nc6 15. Nxc6 Qxc6 16. Qe2 b5 17. Bd5 Qc7 18. Bxa8 Qxf4+ 19. Kb1 0-0 20. Rhf1 Qg5 21. h3 Nb6 22. Be4 Nc4 23. Bf3 Ne3 24. h4 Qf4 25. Be4 Nxf1 26. Rxf1 Qg3 27. g5 Qxh4 28. gxh6 g6 29. Rh1 Qf6 30. Rd1 Qh4 31. Qd2 f5 32. Bc6 Qf6 33. Qd6 e5 34. Qxf6 Rxf6 35. Rd8+ Kh7 36. Rxc8 Kxh6 37. Kc1 e4 38. Nxe4 fxe4 39. Bxe4 Kh5 40. Rc6 Rf1+ 41. Kd2 g5 42. Rxa6 Kh4 43. Bd3 Rf2+ 44. Ke3 Kg3 45. Rb6 Rf3+ 46. Ke2 Rf2+ 47. Ke1 Rf4 48. Rxb5 g4 49. Be2 Kh4 50. b3 g3 51. Rh5# 1-0

[Event "Saarland-ch B"]
[Site "Schiffweiler"]
[Date "2009.04.11"]
[Round "9"]
[White "Spindler, Jean Luc"]
[Black "Fischer, Patrick"]
[Result "1/2-1/2"]
[WhiteElo "1575"]
[BlackElo "1590"]
[PlyCount "66"]
[EventDate "2009.04.03"]
[EventType "swiss"]
[EventRounds "9"]
[EventCountry "GER"]
[SourceTitle "EXT 2012"]
[Source "ChessBase"]
[SourceDate "2011.11.24"]
[SourceVersion "1"]
[SourceVersionDate "2011.11.24"]
[SourceQuality "1"]

1. e4 c5 2. Nf3 d6 3. d4 cxd4 4. Nxd4 Nf6 5. Nc3 a6 6. Bc4 e6 7. Bg5 Be7 8. 0-0 0-0 9. Bd3 e5 10. Nb3 Be6 11. Bxf6 Bxf6 12. Nd5 Re8 13. c4 Nc6 14. Rc1 Bg5 15. Rc3 g6 16. Qe2 a5 17. Na1 Nd4 18. Qd1 Bxd5 19. cxd5 b5 20. Nc2 b4 21. Nxd4 bxc3 22. Nc6 Qb6 23. bxc3 Qb2 24. Qa4 Qxc3 25. Qb5 Kg7 26. a4 Bc1 27. g3 Ba3 28. Qb1 Rec8 29. Bb5 Qf3 30. Qd3 Qxd3 31. Bxd3 Bc5 32. Kg2 Bb4 33. Rb1 Rc7 1/2-1/2

[Event "Saarland-ch B"]
[Site "Schiffweiler"]
[Date "2009.04.07"]
[Round "5"]
[White "Spindler, Jean Luc"]
[Black "Enders, Axel"]
[Result "1-0"]
[WhiteElo "1575"]
[BlackElo "1642"]
[PlyCount "71"]
[EventDate "2009.04.03"]
[EventType "swiss"]
[EventRounds "9"]
[EventCountry "GER"]
[SourceTitle "EXT 2012"]
[Source "ChessBase"]
[SourceDate "2011.11.24"]
[SourceVersion "1"]
[SourceVersionDate "2011.11.24"]
[SourceQuality "1"]

1. e4 c5 2. Nf3 g6 3. d4 Bg7 4. c3 cxd4 5. Nxd4 d6 6. Bc4 Nf6 7. Qc2 0-0 8. 0-0 Nc6 9. Nd2 a6 10. N2f3 Nxd4 11. Nxd4 Bg4 12. h3 Bd7 13. Be3 b5 14. Bd3 Kh8 15. Qd2 Ng8 16. Ne2 Qc8 17. f4 f5 18. Rac1 Nh6 19. e5 dxe5 20. fxe5 Nf7 21. Bb1 Nxe5 22. Bh6 Nf7 23. Bxg7+ Kxg7 24. Nf4 Qb7 25. Rcd1 Rad8 26. Qf2 e5 27. Nd3 Bc8 28. Bc2 Qe7 29. Bb3 Nd6 30. Qc5 Rfe8 31. Rfe1 e4 32. Nf4 Nf7 33. Qb6 Rxd1 34. Rxd1 Qf6 35. Qc7 g5 36. Nh5+ 1-0

[Event "Saarland-ch B"]
[Site "Saarlouis Steinrausch"]
[Date "2005.03.24"]
[Round "7"]
[White "Weyand, Fernand"]
[Black "Spindler, Jean Luc"]
[Result "1-0"]
[WhiteElo "1662"]
[BlackElo "1399"]
[PlyCount "45"]
[EventDate "2005.03.18"]
[EventType "swiss"]
[EventRounds "9"]
[EventCountry "GER"]
[SourceTitle "EXT 2012"]
[Source "ChessBase"]
[SourceDate "2011.11.24"]
[SourceVersion "1"]
[SourceVersionDate "2011.11.24"]
[SourceQuality "1"]

1. e4 c5 2. Nc3 d6 3. f4 Nc6 4. Bb5 a6 5. Bxc6+ bxc6 6. Nf3 Nf6 7. d3 g6 8. 0-0 e6 9. Qe1 Bg7 10. e5 Nd5 11. Ne4 dxe5 12. fxe5 0-0 13. Nxc5 Qb6 14. d4 a5 15. c3 Nc7 16. Qh4 Na6 17. Ne4 Nb8 18. Nf6+ Bxf6 19. Qxf6 Nd7 20. Qh4 Ba6 21. Rf2 c5 22. Qh6 Rfe8 23. Ng5 1-0

[Event "Saarland-ch B"]
[Site "Saarlouis Steinrausch"]
[Date "2005.03.19"]
[Round "2"]
[White "Kohl, Sven"]
[Black "Spindler, Jean Luc"]
[Result "0-1"]
[WhiteElo "1537"]
[BlackElo "1399"]
[PlyCount "72"]
[EventDate "2005.03.18"]
[EventType "swiss"]
[EventRounds "9"]
[EventCountry "GER"]
[SourceTitle "EXT 2012"]
[Source "ChessBase"]
[SourceDate "2011.11.24"]
[SourceVersion "1"]
[SourceVersionDate "2011.11.24"]
[SourceQuality "1"]

1. c4 e5 2. Nc3 Nf6 3. e4 Bc5 4. g3 d6 5. h3 Be6 6. d3 Nc6 7. Nge2 Nd4 8. Nxd4 Bxd4 9. Ne2 Bb6 10. Bg2 Qd7 11. f4 g6 12. b3 0-0-0 13. Qd2 Qe7 14. Bb2 Nd7 15. a4 a6 16. b4 exf4 17. Bxh8 Rxh8 18. Qc3 Rg8 19. a5 Ba7 20. d4 Nf6 21. Nxf4 Bf5 22. 0-0-0 Bd7 23. Rhe1 Re8 24. e5 dxe5 25. Rxe5 Qf8 26. Rxe8+ Nxe8 27. Nd5 Qh6+ 28. Qe3 Qg7 29. Ne7+ Kb8 30. c5 Ba4 31. Qe4 Qh6+ 32. Rd2 c6 33. Qe5+ Ka8 34. Qh8 Qe3 35. Qxe8+ Bb8 36. Nd5 Qxe8 0-1